Songs covered by Glee Quiz Stats

 Plays Quiz not verified by Sporcle

Challenge
Share
Tweet
Embed
Score 0/20 Timer 05:00
0 Plays Today
% Correct
Like a Virgin
97.1%
Sweet Caroline
95.6%
Just Give Me a Reason
94.5%
Like a Prayer
94%
Dream On
93%
Love Song
92.7%
Everybody Talks
92.4%
Sing!
91.6%
Over the Rainbow
91.6%
All Of Me
90.5%
% Correct
Hall of Fame
89.5%
Fix you
88.7%
Pompeii
87.5%
Good Vibrations
83.7%
I Have Nothing
83.5%
What I Did for Love
82.5%
Kiss
79%
Ben
73.5%
Alone
73.3%
Higher Ground
61.5%

You're not logged in!

Compare scores with friends on all Sporcle quizzes.
OR
Log In

You Might Also Like...

Show Comments

Extras

Top Quizzes Today


Score Distribution

Your Account Isn't Verified!

In order to create a playlist on Sporcle, you need to verify the email address you used during registration. Go to your Sporcle Settings to finish the process.

Report this User

Report this user for behavior that violates our Community Guidelines.

Details: